From fear to facebook : (Record no. 76058)

MARC details
000 -LEADER
fixed length control field 01101nam a22002297a 4500
005 - DATE AND TIME OF LATEST TRANSACTION
control field 20130607112544.0
010 ## - LCCN (DPL NO)
LC control number ENG-107333
020 ## - INTERNATIONAL STANDARD BOOK NUMBER
International Standard Book Number 9789382601135
Terms of availability 275.00
035 ## - SYSTEM CONTROL NUMBER
System control number EN-90866
037 ## - SOURCE OF ACQUISITION
Source of stock number/acquisition DBAD/PUB
082 ## - DEWEY DECIMAL CLASSIFICATION NUMBER
Classification number 371.3344678
100 ## - MAIN ENTRY--PERSONAL NAME
Personal name Levinson, Matt
245 ## - TITLE STATEMENT
Title From fear to facebook :
Statement of responsibility, etc by Matt Levinson
Remainder of title one school's journey /
260 ## - PUBLICATION, DISTRIBUTION, ETC. (IMPRINT)
Place of publication, distribution, etc Greater Noida
Name of publisher, distributor, etc eVookz Learning Solutions
Date of publication, distribution, etc 2011
270 ## - ADDRESS
Address 10, Parshwanath Edens, Sec-, Alpha-II,
City Greater Noida
300 ## - PHYSICAL DESCRIPTION
Extent xiii,129p.
Dimensions 22cm(pbk)
505 ## - FORMATTED CONTENTS NOTE
Formatted contents note Lessons learned: Stating a 1-to-1 laptop program -- Schools and Facebook: Moving too fast or not fast enough? -- iTunes schools: customized learning for the 21st century -- Kids online: Lying as the new social norm? -- Smart parenting in the Facebook age -- Privacy and little brother -- Teacher development: A field of dreams? -- Students and laptops: Making a difference?
650 ## - SUBJECT ADDED ENTRY--TOPICAL TERM
Topical term or geographic name as entry element Instructional systems
General subdivision Design.
650 ## - SUBJECT ADDED ENTRY--TOPICAL TERM
Topical term or geographic name as entry element Computer-assisted instruction.
650 ## - SUBJECT ADDED ENTRY--TOPICAL TERM
Topical term or geographic name as entry element Educational technology.
942 ## - ADDED ENTRY ELEMENTS (KOHA)
Source of classification or shelving scheme Dewey Decimal Classification
Item type English Books
Call number suffix LEV
Classification part 371.3344678
Holdings
Withdrawn status Lost status Not for loan Collection code Home library Current library Date acquired Source of acquisition Cost, normal purchase price Full call number Barcode Copy number Cost, replacement price Koha item type
    Not For Loan Non-fiction D.B.Act.Division D.B.Act.Division 24/05/2013 DBAD / PUB 275.00 371.3344678 LEV EN-90866 1 275.00 English Books

© Delhi Public Library
Hit Counter
free hit counter